Κατάλογος Βιβλιοθηκών Mediterranean College

Επάγγελμα Διακοσμητής / Εγχειρίδιο Επαγγελματικής Πρακτικής (Record no. 5045)

MARC details
000 -LEADER
fixed length control field 01523cam a22002174a 4500
005 - ΗΜΕΡΟΜΗΝΙΑ ΚΑΙ ΩΡΑ ΤΕΛΕΥΤΑΙΑΣ ΕΝΗΜΕΡΩΣΗΣ
Πεδίο ελέγχου 20250605164203.0
008 - FIXED-LENGTH DATA ELEMENTS--GENERAL INFORMATION
Πεδίο ελέγχου σταθερού μήκους 250528s ||||||||||||||||||||||||d
035 ## - SYSTEM CONTROL NUMBER
System control number 19793
020 ## - ISBN
ISBN 960411042Χ
040 ## - ΠΗΓΗ ΚΑΤΑΛΟΓΟΓΡΑΦΗΣΗΣ
Φορέας πρωτότυπης καταλογογράφησης MC Athens Campus Library
Γλώσσα καταλογογράφησης Ελληνικά, Μοντέρνα (1453-)
Modifying agency MC Athens Campus Library
Κανόνες περιγραφικής καταλογογράφησης AACR2
245 1# - ΤΙΤΛΟΣ ΚΑΙ ΔΗΛΩΣΗ ΥΠΕΥΘΥΝΟΤΗΤΑΣ
Τίτλος Επάγγελμα Διακοσμητής / Εγχειρίδιο Επαγγελματικής Πρακτικής
250 ## - EDITION STATEMENT
Edition statement
260 ## - PUBLICATION, DISTRIBUTION, ETC.
Name of publisher, distributor, etc. Ίων,
Date of publication, distribution, etc. 2000
300 ## - PHYSICAL DESCRIPTION
Extent 488
505 0# - FORMATTED CONTENTS NOTE
Formatted contents note Εισαγωγή, Ιστορία, Η Έννοια του Όρου ''Διακοσμητής'' άλλοτε και τώρα, Πρακτική Άσκηση Επαγγέλματος, Η Εσωτερική Διακόσμηση ως Επάγγελμα, Ψυχολογία του Πελάτη, Μεθοδολογία: Διαδικασίες Μελέτης και Εφαρμογής Ενός Έργου, Αμοιβές, Συμβάσεις και Συμφωνητικά, Για τους Νεόφυτους στο Επάγγελμα, Γι'αυτούς που θέλουν να κάνουν Δικό τους Γραφείο, Παραρτήματα.
520 ## - SUMMARY, ETC.
Summary, etc. Διακόσμηση - Επιχείρηση - Δημόσιες Σχέσεις - Διαδικασίες Μελέτης - Αμοιβές - Συμβάσεις - Συμφωνητικά - Διακοσμητές - Αρχιτέκτονες - Επαγγελματίες - Σπουδαστές.
700 1# - ΠΡΟΣΘΕΤΗ ΑΝΑΓΡΑΦΗ--ΦΥΣΙΚΟ ΠΡΟΣΩΠΟ
Personal name Παυλιόγλου Ιωάννη (Τζώνη)
9 (RLIN) 5983
942 ## - ADDED ENTRY ELEMENTS (KOHA)
Koha item type Books
Holdings
Τύπος τεκμηρίου Βιβλιοθήκη Τρέχουσα τοποθεσία Barcode Αριθμός εισαγωγής Ημερομηνία απόκτησης Ταξιθετικό σύμβολο Αριθμός αντιτύπου Κατάσταση απόσυρσης Κατάσταση χαμένου Κατάσταση κατεστραμμένου Μη δανεισμός Σύνολο δανεισμών Ημερομηνία τελευταίας εμφάνισης Η τιμή ισχύει από
Books MC Athens Campus Library MC Athens Campus Library 9780000050441 5885 05/06/2025 747.023 PAV 1           05/06/2025 05/06/2025

MC Athens Campus Library
Πατησίων 94 & Κοδριγκτώνος 13, 104 34
Πελλήνης 8 & Πατησίων 107, 112 51
Τ: +30 210 8899600

MC Thessaloniki Campus Library
Ίωνος Δραγούμη 21, 54625 | Ίωνος Δραγούμη 15, 54625
Τ: +30 2310 287779 – Τ: +30 2314 440300